| 000 | 00640nam a2200229Ia 4500 | ||
|---|---|---|---|
| 003 | OSt | ||
| 005 | 20220926014823.0 | ||
| 006 | a|||||r|||| 00| 0 | ||
| 007 | ta | ||
| 008 | 220923b |||||||| |||| 00| 0 eng d | ||
| 037 | _cGeneral Book | ||
| 040 |
_aRTL _cRTL _beng |
||
| 041 |
_2eng _aeng |
||
| 082 | _aX64z7, K9 | ||
| 100 |
_aVan Penstermaker J _9321141 |
||
| 245 | 0 | _aReadings in financial markets and institutions | |
| 260 |
_aNew York _bMeredith Corporation _c1969 |
||
| 300 |
_axi,477p _ccm. |
||
| 650 | _aMoney Markets | ||
| 942 |
_hX64z7, K9 _cGB _2CC |
||
| 999 |
_c629898 _d629898 |
||